[Event "BCF-chT4S 1718 (4NCL)"]
[Site "England"]
[Date "2018.05.06"]
[Round "10.44"]
[White "Marley, Andrew"]
[Black "Royal, Shreyas"]
[Result "0-1"]
[WhiteElo "1943"]
[BlackElo "1907"]
[PlyCount "70"]
[EventDate "2017.11.11"]
[EventType "team-swiss"]
[EventRounds "11"]
[EventCountry "ENG"]
[SourceTitle "EXT 2020"]
[Source "ChessBase"]
[SourceDate "2019.10.17"]
[SourceVersion "1"]
[SourceVersionDate "2019.10.17"]
[SourceQuality "1"]
[WhiteTeam "Crowthorne"]
[BlackTeam "KJCA Young Kestrels"]
[WhiteTeamCountry "ENG"]
[BlackTeamCountry "ENG"]

1. c4 e6 2. g3 d5 3. Bg2 c6 4. d4 dxc4 5. Nf3 b5 6. a4 Bb7 7. Ne5 Qc7 8. 0-0 Bd6 9. Nc3 a6 10. Ne4 f6 11. Nf3 Ne7 12. b3 cxb3 13. Qxb3 Nd5 14. Bh3 f5 15. Nxd6+ Qxd6 16. e4 fxe4 17. Ng5 Bc8 18. Nxe4 Qe7 19. Bg5 Qc7 20. Nc5 h6 21. Bd2 Qf7 22. Bxe6 Bxe6 23. Nxe6 Ra7 24. Rae1 Re7 25. Bb4 Nxb4 26. Qxb4 Kd7 27. Nc5+ Kc8 28. Ne4 Kd7 29. Qd6+ Kc8 30. axb5 Rhe8 31. f3 axb5 32. Ra1 Rd7 33. Ra8 Kb7 34. Nc5+ Kxa8 35. Ra1+ Ra7 0-1

[Event "Wakefield 4NCL op 14th"]
[Site "Wakefield"]
[Date "2017.07.15"]
[Round "2"]
[White "Merry, Alan B"]
[Black "Marley, Andrew"]
[Result "1-0"]
[WhiteElo "2427"]
[BlackElo "1969"]
[PlyCount "95"]
[EventDate "2017.07.14"]
[EventType "swiss"]
[EventRounds "5"]
[EventCountry "ENG"]
[SourceTitle "CBM 179 Extra"]
[Source "ChessBase"]
[SourceDate "2017.08.23"]
[SourceVersion "1"]
[SourceVersionDate "2017.08.23"]
[SourceQuality "1"]

1. e4 c5 2. Nc3 e6 3. Nge2 Nc6 4. g3 Nf6 5. Bg2 Be7 6. 0-0 0-0 7. h3 a6 8. d3 Rb8 9. f4 d6 10. g4 Nd7 11. Be3 Qc7 12. g5 b5 13. Ng3 b4 14. Nce2 f5 15. gxf6 Bxf6 16. Rb1 a5 17. Kh1 Ba6 18. Nh5 Bh4 19. f5 e5 20. Ng1 Nf6 21. Nxf6+ Bxf6 22. Rf2 Nd4 23. Qg4 Qf7 24. b3 a4 25. h4 Kh8 26. Nh3 Bb5 27. Rg1 Be8 28. Bg5 Ra8 29. Bf3 axb3 30. axb3 Ra2 31. Bd1 Bc6 32. c4 Rfa8 33. Kh2 Rxf2+ 34. Nxf2 Ra2 35. Qg3 Rb2 36. Kh3 Ra2 37. Bh5 Qf8 38. Bd1 Ra3 39. Ng4 Ra8 40. Qe3 Qf7 41. Bxf6 gxf6 42. Nh6 Qf8 43. Rg8+ Qxg8 44. Nxg8 Kxg8 45. Qh6 Rf8 46. Bh5 Bd7 47. Kg2 Kh8 48. Qxf8# 1-0

[Event "Crawley e2e4 Gatwick op"]
[Site "Crawley"]
[Date "2016.02.19"]
[Round "1"]
[White "Marley, Andrew"]
[Black "Kalaiyalahan, Akshaya"]
[Result "1/2-1/2"]
[WhiteElo "1943"]
[BlackElo "2236"]
[PlyCount "54"]
[EventDate "2016.02.19"]
[EventType "swiss"]
[EventRounds "5"]
[EventCountry "ENG"]
[SourceTitle "CBM 171 Extra"]
[Source "ChessBase"]
[SourceDate "2016.04.26"]
[SourceVersion "1"]
[SourceVersionDate "2016.04.26"]
[SourceQuality "1"]

1. d4 Nf6 2. Nf3 g6 3. c4 Bg7 4. g3 0-0 5. Bg2 d6 6. 0-0 Nc6 7. Nc3 a6 8. d5 Na5 9. Nd2 c5 10. Qc2 b5 11. cxb5 axb5 12. Nxb5 Qb6 13. a4 Ba6 14. e4 Nd7 15. Re1 Bxb5 16. axb5 Qxb5 17. Bf1 Qb7 18. Re3 Ra7 19. Rea3 Rfa8 20. R1a2 Ne5 21. b3 Qb6 22. Bb2 Bf6 23. Kg2 h5 24. Be2 Qb8 25. Bc3 Nb7 26. Ra4 Nd8 27. Qb2 Kh7 1/2-1/2

[Event "Guernsey op 41st"]
[Site "Vale"]
[Date "2015.10.23"]
[Round "6"]
[White "Marley, Andrew"]
[Black "Burton, Ronnie"]
[Result "1-0"]
[WhiteElo "1882"]
[BlackElo "1972"]
[PlyCount "153"]
[EventDate "2015.10.18"]
[EventType "swiss"]
[EventRounds "7"]
[EventCountry "GCI"]
[SourceTitle "EXT 2017"]
[Source "ChessBase"]
[SourceDate "2016.10.25"]
[SourceVersion "1"]
[SourceVersionDate "2016.10.25"]
[SourceQuality "1"]

1. d4 d6 2. Nf3 Bg4 3. c4 Bxf3 4. gxf3 Nd7 5. Nc3 g6 6. e4 Bg7 7. Be3 Ngf6 8. Qd2 c5 9. Be2 h5 10. Rg1 cxd4 11. Bxd4 Bh6 12. Be3 Bxe3 13. Qxe3 Qb6 14. Qd2 Ne5 15. h3 Rc8 16. b3 Nc6 17. Rd1 a6 18. f4 Qa5 19. Kf1 Kf8 20. Qe3 Qc5 21. Qd2 Rd8 22. Qb2 e5 23. Na4 Qa5 24. fxe5 dxe5 25. Rxd8+ Qxd8 26. f3 Kg7 27. Kf2 Qd4+ 28. Qxd4 Nxd4 29. c5 Nxe2 30. Kxe2 Rd8 31. Nb6 Nd7 32. b4 Kf6 33. Nd5+ Ke6 34. h4 Rc8 35. Rc1 Rc6 36. Kd3 f5 37. Rg1 Nf8 38. Nb6 Kf6 39. a3 Ne6 40. Kc4 Nf4 41. Nd5+ Kf7 42. Nxf4 exf4 43. exf5 gxf5 44. Kd5 Rc8 45. Kd6 Re8 46. Kc7 Re7+ 47. Kb6 Kf6 48. a4 Re3 49. Rf1 Rb3 50. b5 axb5 51. axb5 Ke6 52. c6 bxc6 53. Kxc6 Rc3+ 54. Kb7 Rb3 55. b6 Kd6 56. Ka7 Ra3+ 57. Kb8 Rb3 58. b7 Ke5 59. Re1+ Kd4 60. Kc7 Rc3+ 61. Kd6 Rb3 62. Re7 Rb2 63. Kc7 Rc2+ 64. Kd8 Rb2 65. Kc8 Rc2+ 66. Rc7 Rb2 67. b8Q Rxb8+ 68. Kxb8 Ke3 69. Rc3+ Kf2 70. Kc7 Kg3 71. Kd6 Kxh4 72. Ke5 Kg3 73. Kxf5 h4 74. Ke4 h3 75. Rc8 h2 76. Rh8 Kg2 77. Kxf4 1-0

[Event "Guernsey op 41st"]
[Site "Vale"]
[Date "2015.10.21"]
[Round "4"]
[White "Marley, Andrew"]
[Black "Fruteau, Sabine"]
[Result "0-1"]
[WhiteElo "1882"]
[BlackElo "2037"]
[PlyCount "70"]
[EventDate "2015.10.18"]
[EventType "swiss"]
[EventRounds "7"]
[EventCountry "GCI"]
[SourceTitle "EXT 2017"]
[Source "ChessBase"]
[SourceDate "2016.10.25"]
[SourceVersion "1"]
[SourceVersionDate "2016.10.25"]
[SourceQuality "1"]

1. d4 Nf6 2. Nf3 e6 3. c4 d5 4. g3 c6 5. Bg2 Be7 6. 0-0 0-0 7. Qc2 dxc4 8. Qxc4 Nbd7 9. Nc3 Nb6 10. Qd3 Nfd5 11. e4 Nxc3 12. bxc3 c5 13. a4 Bd7 14. a5 Na4 15. Ne5 Be8 16. Bd2 Qxa5 17. Rfb1 Qc7 18. Nc4 b5 19. Ne3 Rd8 20. d5 c4 21. Qc2 Nc5 22. f4 Nb3 23. Ra2 Bc5 24. Kh1 a5 25. e5 exd5 26. Nxd5 Qc8 27. Be3 Rxd5 28. Bxd5 Bxe3 29. Qe4 Qc5 30. Re1 Nd2 31. Rxd2 Bxd2 32. Re2 Bxc3 33. e6 fxe6 34. Qxe6+ Kh8 35. Qxe8 Qxd5+ 0-1

[Event "Guernsey op 41st"]
[Site "Vale"]
[Date "2015.10.18"]
[Round "1"]
[White "Marley, Andrew"]
[Black "Collier, David"]
[Result "1/2-1/2"]
[WhiteElo "1882"]
[BlackElo "2037"]
[PlyCount "52"]
[EventDate "2015.10.18"]
[EventType "swiss"]
[EventRounds "7"]
[EventCountry "GCI"]
[SourceTitle "EXT 2017"]
[Source "ChessBase"]
[SourceDate "2016.10.25"]
[SourceVersion "1"]
[SourceVersionDate "2016.10.25"]
[SourceQuality "1"]

1. d4 Nf6 2. Bg5 d5 3. Bxf6 exf6 4. e3 Be6 5. Bd3 Bd6 6. Ne2 Nd7 7. c3 f5 8. Nd2 c6 9. Ng3 g6 10. 0-0 h5 11. Nh1 Nf6 12. f4 Qe7 13. Nf3 0-0-0 14. Nf2 Ne4 15. Ne5 Rdg8 16. Qa4 Kb8 17. c4 Bxe5 18. fxe5 Nd2 19. Rfc1 dxc4 20. Qc2 cxd3 21. Qxd2 Bd5 22. Qxd3 Qg5 23. e4 fxe4 24. Nxe4 Qg4 25. Re1 Rd8 26. Re2 Bxe4 1/2-1/2

[Event "High Wycombe e2e4 Challengers op 03"]
[Site "High Wycombe"]
[Date "2014.03.15"]
[Round "2"]
[White "Marley, Andrew"]
[Black "Nandi, Robin J"]
[Result "0-1"]
[WhiteElo "1880"]
[BlackElo "1953"]
[PlyCount "38"]
[EventDate "2014.03.14"]
[EventType "swiss"]
[EventRounds "5"]
[EventCountry "ENG"]
[SourceTitle "EXT 2015"]
[Source "ChessBase"]
[SourceDate "2014.11.20"]
[SourceVersion "1"]
[SourceVersionDate "2014.11.20"]
[SourceQuality "1"]

1. d4 Nf6 2. Nf3 d5 3. c4 e6 4. g3 dxc4 5. Qa4+ Nbd7 6. Qxc4 c5 7. e3 a6 8. Bg2 b5 9. Qe2 Bb7 10. 0-0 Be7 11. a4 0-0 12. Rd1 Qb6 13. Na3 Bc6 14. Bd2 Rac8 15. Rac1 Bxf3 16. Qxf3 cxd4 17. exd4 Qxd4 18. axb5 Qxb2 19. Nc4 Qxb5 0-1

[Event "High Wycombe e2e4 Challengers op 03"]
[Site "High Wycombe"]
[Date "2014.03.14"]
[Round "1"]
[White "Ross, Stuart"]
[Black "Marley, Andrew"]
[Result "0-1"]
[WhiteElo "1652"]
[BlackElo "1880"]
[PlyCount "74"]
[EventDate "2014.03.14"]
[EventType "swiss"]
[EventRounds "5"]
[EventCountry "ENG"]
[SourceTitle "EXT 2015"]
[Source "ChessBase"]
[SourceDate "2014.11.20"]
[SourceVersion "1"]
[SourceVersionDate "2014.11.20"]
[SourceQuality "1"]

1. e4 c5 2. Nf3 d6 3. d4 cxd4 4. Nxd4 Nf6 5. Nc3 a6 6. Be3 e6 7. Qd2 Ng4 8. Bg5 Qb6 9. f3 h6 10. Bh4 Ne5 11. 0-0-0 Nbc6 12. Bf2 Qc7 13. f4 Nxd4 14. fxe5 dxe5 15. Bxd4 exd4 16. Qxd4 Bd7 17. Kb1 0-0-0 18. Be2 Qc5 19. Rhf1 f6 20. Qc4 Kb8 21. Rd4 Qxc4 22. Bxc4 Bc5 23. Rd3 b5 24. Rfd1 Kc7 25. Bb3 Bc8 26. a3 Bd6 27. g3 Bc5 28. Ne2 Rd6 29. Nf4 Re8 30. Rxd6 Bxd6 31. Ne2 Bb7 32. Nd4 Bc8 33. c3 Bc5 34. Rf1 Kd6 35. Bc2 Rd8 36. Rd1 Kc7 37. Nxe6+ Bxe6 0-1

[Event "London Classic op-B U2000 5th"]
[Site "London"]
[Date "2013.12.14"]
[Round "2"]
[White "Marley, Andrew"]
[Black "Jazdzewski, Daniel"]
[Result "0-1"]
[WhiteElo "1899"]
[BlackElo "1840"]
[PlyCount "106"]
[EventDate "2013.12.13"]
[EventType "swiss"]
[EventRounds "5"]
[EventCountry "ENG"]
[SourceTitle "EXT 2016"]
[Source "ChessBase"]
[SourceDate "2015.10.08"]
[SourceVersion "1"]
[SourceVersionDate "2015.10.08"]
[SourceQuality "1"]

1. c4 Nf6 2. g3 d6 3. Bg2 g6 4. Nc3 Bg7 5. d3 0-0 6. e4 e5 7. Nge2 Nc6 8. Rb1 a5 9. 0-0 Nd7 10. Nd5 Nd4 11. b3 c6 12. Nxd4 exd4 13. Nf4 Nb8 14. Re1 f5 15. exf5 Rxf5 16. Bh3 Re5 17. Rb2 Bxh3 18. Nxh3 Qd7 19. Kg2 Na6 20. Rbe2 Rae8 21. f4 Rxe2+ 22. Rxe2 h6 23. Ba3 c5 24. Qe1 Kf7 25. Nf2 Rxe2 26. Qxe2 Qe6 27. Qe4 Qxe4+ 28. Nxe4 Ke6 29. Kf3 Nc7 30. g4 b5 31. f5+ gxf5 32. gxf5+ Ke7 33. Bc1 bxc4 34. bxc4 Na6 35. a3 Be5 36. h3 h5 37. Bg5+ Kf7 38. Bd8 a4 39. Ba5 Ke7 40. Be1 Nb8 41. Bg3 Nd7 42. Bh4+ Kf7 43. Ng5+ Kf6 44. Ke4 Kg7 45. Ne6+ Kf7 46. Kd5 Nb6+ 47. Ke4 Nd7 48. Ng5+ Ke7 49. Ne6+ Kf7 50. Ng5+ Kg7 51. Nf3 Kf7 52. Bg5 Kg7 53. Bf4 Nf6# 0-1

[Event "Sunningdale e2e4 op 07"]
[Site "Ascot"]
[Date "2013.07.07"]
[Round "4"]
[White "Marley, Andrew"]
[Black "Moore, John C"]
[Result "0-1"]
[WhiteElo "1925"]
[BlackElo "2021"]
[PlyCount "74"]
[EventDate "2013.07.05"]
[EventType "swiss"]
[EventRounds "5"]
[EventCountry "ENG"]
[SourceTitle "CBM 155 Extra"]
[Source "ChessBase"]
[SourceDate "2013.08.26"]
[SourceVersion "1"]
[SourceVersionDate "2013.08.26"]
[SourceQuality "1"]

1. c4 c6 2. g3 d5 3. Bg2 Nf6 4. Nf3 Bf5 5. cxd5 cxd5 6. Nc3 e6 7. 0-0 Nc6 8. d3 Be7 9. Bf4 0-0 10. Re1 d4 11. Nb5 a6 12. Na3 Nd5 13. Bd2 h6 14. Rc1 Bb4 15. Bxb4 Ndxb4 16. Nd2 e5 17. Ra1 Be6 18. Nb3 Bd5 19. Bxd5 Nxd5 20. Nc4 a5 21. Nc5 Qe7 22. Ne4 a4 23. Rf1 f5 24. Ned6 Rf6 25. Nb5 Rg6 26. e4 dxe3 27. Qf3 exf2+ 28. Rxf2 Nf4 29. Kh1 Nh3 30. Re2 Ng5 31. Qd5+ Kh7 32. Nxe5 Rd8 33. Nxg6 Qxe2 34. Qxf5 Qxd3 35. Qxd3 Rxd3 36. Nf4 Rd2 37. Re1 Rxb2 0-1

[Event "London e2e4 Diamond Jubilee op-C"]
[Site "London"]
[Date "2012.06.05"]
[Round "7"]
[White "Graham, Neil"]
[Black "Marley, Andrew"]
[Result "1/2-1/2"]
[WhiteElo "1806"]
[BlackElo "1929"]
[PlyCount "23"]
[EventDate "2012.06.02"]
[EventType "swiss"]
[EventRounds "7"]
[EventCountry "ENG"]
[SourceTitle "EXT 2014"]
[Source "ChessBase"]
[SourceDate "2013.11.20"]
[SourceVersion "1"]
[SourceVersionDate "2013.11.20"]
[SourceQuality "1"]

1. d4 Nf6 2. f3 d5 3. e4 dxe4 4. Nc3 exf3 5. Nxf3 e6 6. Bg5 Be7 7. Bd3 h6 8. Bf4 0-0 9. Qd2 Re8 10. 0-0 c5 11. Kh1 Nbd7 12. Nb5 1/2-1/2

[Event "BCF-chT3 1112 (4NCL)"]
[Site "England"]
[Date "2012.05.07"]
[Round "9.63"]
[White "Hall, John"]
[Black "Marley, Andrew"]
[Result "1/2-1/2"]
[WhiteElo "2305"]
[BlackElo "1931"]
[PlyCount "50"]
[EventDate "2011.11.12"]
[EventType "team-swiss"]
[EventRounds "11"]
[EventCountry "ENG"]
[SourceTitle "EXT 2013"]
[Source "ChessBase"]
[SourceDate "2012.11.22"]
[SourceVersion "1"]
[SourceVersionDate "2012.11.22"]
[SourceQuality "1"]
[WhiteTeam "Leeds University Old Boys"]
[BlackTeam "AMCA Hippos"]
[WhiteTeamCountry "ENG"]
[BlackTeamCountry "ENG"]

1. e4 g6 2. d4 Bg7 3. Nc3 d6 4. f4 e6 5. Nf3 Ne7 6. Be3 Nd7 7. Qd2 b6 8. 0-0-0 Bb7 9. Be2 Nf6 10. Bb5+ c6 11. Bd3 0-0 12. e5 Nfd5 13. Nxd5 Nxd5 14. Bf2 c5 15. dxc5 dxc5 16. Be4 Qc7 17. Bh4 b5 18. c3 Bh6 19. Bg5 Bxg5 20. fxg5 Rfd8 21. Qe2 Qa5 22. Bb1 Ba6 23. Qe4 b4 24. c4 Nb6 25. Nd2 Rd4 1/2-1/2

[Event "BCF-chT3 1112 (4NCL)"]
[Site "England"]
[Date "2012.05.07"]
[Round "11.116"]
[White "Wallis, Ian J"]
[Black "Marley, Andrew"]
[Result "1-0"]
[WhiteElo "2028"]
[BlackElo "1931"]
[PlyCount "77"]
[EventDate "2011.11.12"]
[EventType "team-swiss"]
[EventRounds "11"]
[EventCountry "ENG"]
[SourceTitle "EXT 2013"]
[Source "ChessBase"]
[SourceDate "2012.11.22"]
[SourceVersion "1"]
[SourceVersionDate "2012.11.22"]
[SourceQuality "1"]
[WhiteTeam "Anglian Avengers II"]
[BlackTeam "AMCA Hippos"]
[WhiteTeamCountry "ENG"]
[BlackTeamCountry "ENG"]

1. e4 g6 2. d4 Bg7 3. Nc3 d6 4. f4 e6 5. Nf3 Ne7 6. Be3 Nd7 7. Qd2 b6 8. Bd3 Bb7 9. 0-0-0 a6 10. Rhf1 Nf6 11. h3 Rc8 12. f5 exf5 13. exf5 0-0 14. g4 Ned5 15. Nxd5 Nxd5 16. Bg5 Bf6 17. Bh6 Bg7 18. Bxg7 Kxg7 19. g5 c5 20. f6+ Kg8 21. dxc5 Rxc5 22. Be4 Qc7 23. Rfe1 Rc8 24. Nd4 Qd7 25. Kb1 Qa4 26. b3 Qa5 27. Qxa5 Rxa5 28. Bxd5 Rxd5 29. Re7 Bc6 30. c4 Rc5 31. Nxc6 R5xc6 32. Rd7 Re8 33. R1xd6 Rc5 34. Rd5 Rc6 35. Ra7 Rce6 36. Rxa6 Re2 37. Rxb6 Rh2 38. Rbd6 h5 39. Rd8 1-0

[Event "High Wycombe e2e4 op 03"]
[Site "High Wycombe"]
[Date "2012.03.17"]
[Round "3"]
[White "Lee, Kai Jie Edward"]
[Black "Marley, Andrew"]
[Result "1-0"]
[WhiteElo "2093"]
[BlackElo "1931"]
[PlyCount "61"]
[EventDate "2012.03.16"]
[EventType "swiss"]
[EventRounds "5"]
[EventCountry "ENG"]
[SourceTitle "CBM 147 Extra"]
[Source "ChessBase"]
[SourceDate "2012.04.24"]
[SourceVersion "1"]
[SourceVersionDate "2012.04.24"]
[SourceQuality "1"]

1. e4 c5 2. Nf3 e6 3. d4 cxd4 4. Nxd4 Nf6 5. Nc3 d6 6. Bc4 Nc6 7. Bb3 Be7 8. 0-0 0-0 9. Kh1 a6 10. f4 Nxd4 11. Qxd4 Qc7 12. f5 e5 13. Qd3 b5 14. Bg5 Bb7 15. Bxf6 Bxf6 16. Bd5 Bxd5 17. Nxd5 Qc5 18. Qg3 Kh8 19. c3 Rg8 20. Rf3 Qc4 21. Re1 Qxa2 22. Qg4 Qxb2 23. Qh5 Qd2 24. Rfe3 Qf2 25. g3 a5 26. R3e2 Qc5 27. g4 a4 28. g5 a3 29. gxf6 a2 30. Re3 a1Q 31. Qxh7+ 1-0

[Event "Sunningdale e2e4 Major"]
[Site "Sunningdale"]
[Date "2011.09.18"]
[Round "4"]
[White "Thompson, Robert"]
[Black "Marley, Andrew"]
[Result "1-0"]
[WhiteElo "1954"]
[BlackElo "1884"]
[PlyCount "79"]
[EventDate "2011.09.16"]
[EventType "swiss"]
[EventRounds "5"]
[EventCountry "ENG"]
[SourceTitle "EXT 2023"]
[Source "ChessBase"]
[SourceDate "2022.10.05"]
[SourceVersion "1"]
[SourceVersionDate "2022.10.05"]
[SourceQuality "1"]

1. c4 Nf6 2. g3 g6 3. Bg2 Bg7 4. Nf3 0-0 5. 0-0 d6 6. d4 Nbd7 7. Nc3 e5 8. e4 Re8 9. h3 exd4 10. Nxd4 Nc5 11. Re1 a5 12. b3 c6 13. Bb2 Qb6 14. a4 Be6 15. Rb1 Nfd7 16. Ba1 Ne5 17. Nxe6 Rxe6 18. Qc2 Ned3 19. Re3 Nb4 20. Qd2 Rae8 21. Kh2 Bh6 22. f4 Bg7 23. Ree1 Qd8 24. Red1 h5 25. h4 Kf8 26. e5 R6e7 27. Qxd6 Qxd6 28. Rxd6 Rd7 29. Rxd7 Nxd7 30. Ne4 Ke7 31. Rd1 Nc2 32. Bh3 Nf8 33. Bc3 Ra8 34. Rd2 Ne1 35. Rd6 Nc2 36. c5 Ne3 37. Ng5 Nd5 38. Bb2 Bh6 39. Ne4 Ne6 40. Nf6 1-0

[Event "Sunningdale e2e4 Major"]
[Site "Sunningdale"]
[Date "2011.09.16"]
[Round "1"]
[White "Marley, Andrew"]
[Black "Homer, Neil S"]
[Result "1-0"]
[WhiteElo "1884"]
[BlackElo "1638"]
[PlyCount "119"]
[EventDate "2011.09.16"]
[EventType "swiss"]
[EventRounds "5"]
[EventCountry "ENG"]
[SourceTitle "EXT 2023"]
[Source "ChessBase"]
[SourceDate "2022.10.05"]
[SourceVersion "1"]
[SourceVersionDate "2022.10.05"]
[SourceQuality "1"]

1. d4 d5 2. Nf3 Nf6 3. c4 c6 4. e3 Bf5 5. Nc3 e6 6. Be2 Be7 7. 0-0 0-0 8. Nh4 Be4 9. f3 Bg6 10. Nxg6 hxg6 11. e4 dxe4 12. fxe4 Bb4 13. Qd3 Nbd7 14. e5 Nh7 15. Ne4 Be7 16. Be3 Qc7 17. c5 b6 18. b4 Rad8 19. Qc4 b5 20. Qb3 a5 21. a4 bxa4 22. Rxa4 axb4 23. Bc4 Ra8 24. Rfa1 Rxa4 25. Rxa4 Rb8 26. Bd2 Kh8 27. Qf3 Kg8 28. Bxb4 Ng5 29. Nxg5 Bxg5 30. Bd3 Qd8 31. Be4 Nf8 32. Ba5 Qd7 33. h3 Rc8 34. Bb6 Qe8 35. Ra7 Bd8 36. Bxd8 Rxd8 37. Bxc6 Nd7 38. Qa3 Qe7 39. Qb4 Qg5 40. Rxd7 Qe3+ 41. Kf1 Qc1+ 42. Qe1 Qf4+ 43. Qf2 Qc1+ 44. Ke2 Qc4+ 45. Kf3 Rxd7 46. Bxd7 Qd5+ 47. Ke3 Qxd7 48. Qf3 Kf8 49. Qa8+ Ke7 50. c6 Qc7 51. Qb7 Kd8 52. Qa8+ Qc8 53. Qa5+ Qc7 54. Qc5 Qe7 55. Qd6+ Qxd6 56. exd6 f6 57. Ke4 g5 58. d5 e5 59. Kf5 g6+ 60. Ke6 1-0

[Event "Sunningdale e2e4 Major op"]
[Site "Sunningdale"]
[Date "2011.05.30"]
[Round "6"]
[White "Marley, Andrew"]
[Black "Bryant, Jonathan"]
[Result "0-1"]
[WhiteElo "1849"]
[BlackElo "1954"]
[PlyCount "96"]
[EventDate "2011.05.27"]
[EventType "swiss"]
[EventRounds "7"]
[EventCountry "ENG"]
[SourceTitle "EXT 2023"]
[Source "ChessBase"]
[SourceDate "2022.10.05"]
[SourceVersion "1"]
[SourceVersionDate "2022.10.05"]
[SourceQuality "1"]

1. d4 e6 2. c4 f5 3. Nf3 Nf6 4. g3 Be7 5. Bg2 0-0 6. 0-0 d6 7. Nc3 Ne4 8. Qc2 Nxc3 9. Qxc3 a5 10. Rd1 Qe8 11. Qc2 Nc6 12. a3 e5 13. d5 Nb8 14. Bd2 Bf6 15. Bc3 a4 16. Rac1 b6 17. e4 Qh5 18. Ne1 Bg5 19. Bd2 Bxd2 20. Rxd2 fxe4 21. Bxe4 Nd7 22. Qd1 Qh6 23. Nd3 Nc5 24. Nxc5 bxc5 25. Qc2 Qh5 26. Re1 Bf5 27. Rde2 Bxe4 28. Rxe4 Qf5 29. Qe2 Qf3 30. Qxf3 Rxf3 31. R1e3 Rxe3 32. Rxe3 Rb8 33. Re2 Kf7 34. Kf1 Kf6 35. Ke1 Rb3 36. Kd1 Kf5 37. h3 Rf3 38. Ke1 e4 39. Rd2 Ke5 40. Ke2 g5 41. Rd1 Rb3 42. Rd2 h5 43. Kf1 Rd3 44. Rxd3 exd3 45. Ke1 Kd4 46. f4 gxf4 47. g4 hxg4 48. hxg4 Ke3 0-1

[Event "Sunningdale e2e4 Major op"]
[Site "Sunningdale"]
[Date "2011.05.28"]
[Round "3"]
[White "Marley, Andrew"]
[Black "Lunn, Matthew"]
[Result "1/2-1/2"]
[WhiteElo "1849"]
[BlackElo "1941"]
[PlyCount "34"]
[EventDate "2011.05.27"]
[EventType "swiss"]
[EventRounds "7"]
[EventCountry "ENG"]
[SourceTitle "EXT 2023"]
[Source "ChessBase"]
[SourceDate "2022.10.05"]
[SourceVersion "1"]
[SourceVersionDate "2022.10.05"]
[SourceQuality "1"]

1. d4 Nf6 2. Nf3 g6 3. c4 Bg7 4. g3 0-0 5. Bg2 d6 6. 0-0 Nbd7 7. Nc3 e5 8. h3 exd4 9. Nxd4 a6 10. Re1 Rb8 11. e4 Re8 12. Rb1 Ne5 13. Qe2 c5 14. Nc2 b5 15. cxb5 axb5 16. f4 Nc6 17. Qf2 Qc7 1/2-1/2

[Event "Sunningdale e2e4 Major op"]
[Site "Sunningdale"]
[Date "2011.05.27"]
[Round "1"]
[White "Marley, Andrew"]
[Black "Robson, Paul E"]
[Result "1-0"]
[WhiteElo "1849"]
[BlackElo "1999"]
[PlyCount "53"]
[EventDate "2011.05.27"]
[EventType "swiss"]
[EventRounds "7"]
[EventCountry "ENG"]
[SourceTitle "EXT 2023"]
[Source "ChessBase"]
[SourceDate "2022.10.05"]
[SourceVersion "1"]
[SourceVersionDate "2022.10.05"]
[SourceQuality "1"]

1. d4 g6 2. Nf3 Bg7 3. c4 f5 4. Nc3 Nf6 5. g3 0-0 6. Bg2 d6 7. 0-0 Nc6 8. d5 Ne5 9. Nxe5 dxe5 10. Be3 h6 11. Rc1 Ng4 12. Bc5 Kh7 13. h3 Nf6 14. Qb3 a6 15. Rfd1 e4 16. Ba3 Qe8 17. c5 g5 18. d6 exd6 19. cxd6 cxd6 20. Rxd6 Rf7 21. Rcd1 Rd7 22. Rxd7 Nxd7 23. Nd5 Qe5 24. Qc2 Qb8 25. Ne7 Nf6 26. Bd6 Qa7 27. Nxc8 1-0